000 00209 a2200097 4500
001 29359
100 _aGulezian
245 _aStatistics for decision Making
260 _a
_bSaunders
_c
090 _c19587
_d19587
942 _aNUST-CAE
_cM
_c10654
999 _c264432
_d264432